00650nas a2200217Ia 4500001001100000003000900011008004100020040001300061040001300074041001300087100004300100210001900143222001900162245006500181250001100246260002300257501008600280300001700366362001300383650003600396R415/38263IT-RoPAU151124c99999999xx |||||||||||| ||und|| aIT-RoPAU cIT-RoPAU aFRANCESE aTapie' AlaingCodice Aut. SPICS: 24287 aMUSIQUE EN JEU aMusique En Jeu aMUSIQUE EN JEU (32) BRUITS DE FONDbSimuler C'Est Multiplier a1a ed. aPARISbSEUILc1978 bPaulus - SPICS - Società San Paolo EM (non-commercial uses only)cCopyright2015 a5 p. [88-92] aVOL.32,  aMUSICAvPUBBLICAZIONE PERIODICA